000
00268nam a22001217a 4500
082
_a
928 AMI
100
_a
AMIN, AHMED
245
_a
HAYATI
260
_a
BAiroot, Libnan
_b
Darul Kitab Alarabi'a
_c
1969
300
_a
303
650
_a
Biography-Ahmed Ameen
942
_c
BK
999
_c
19692
_d
19692